Les plus grandes villes de Russie - Statistiques

Statistiques générales
  • Ce quiz a été pris 3 051 fois
    2 767 depuis la dernière actualisation
  • Le résultat moyen est 7 sur 17
Statistiques - réponses
Population Réponse % Correct
12 108 257 Moscou
100%
5 131 942 Saint-Pétersbourg
95%
1 190 850 Kazan
57%
1 017 985 Volgograd
56%
1 263 873 Nijni Novgorod
54%
1 109 835 Rostov-sur-le-Don
52%
1 412 346 Iekaterinbourg
38%
1 547 910 Novossibirsk
36%
1 166 092 Omsk
36%
805 680 Krasnodar
34%
1 172 348 Samara
33%
1 026 477 Perm
28%
1 096 702 Oufa
24%
1 169 432 Tcheliabinsk
20%
1 014 610 Voronej
19%
1 035 528 Krasnoiarsk
16%
840 785 Saratov
16%
Aucun quiz correspondant
Distribution des résultats
% des personnes avec chaque résultat
Percentile par nombre de réponses
Votre historique - résultats
Vous n’avez pas pris ce quiz depuis la dernière actualisation